000 00638nam a2200205 a 4500
003 PILC
005 20160219123218.0
008 130408s19uu xx 00 eng d
020 _a9781921209697
050 _aCT 3202
_b.H673 2009
100 _aAaslestad, Katherine.
245 _aHistorica's women :
_b1000 years of women in history /
_cchief consultant Katherine Aaslestad.
260 _aElanora Heights, NSW :
_bMillennium Books,
_c2007.
300 _a524 pages :
_bcolor illustrations ;
_c27 cm.
500 _aIncludes index.
650 _aWomen
_xHistory.
650 _aWorld history.
942 _cBK
_2lcc
_kFOR
999 _c22105
_d22105